[Event "RSA-ch U12 Girls"]
[Site "Waterkloof"]
[Date "2015.04.07"]
[Round "5"]
[White "Gopaulsingh, Shreya"]
[Black "Archer, Tamryn"]
[Result "0-1"]
[WhiteElo "855"]
[BlackElo "807"]
[PlyCount "48"]
[EventDate "2015.04.04"]
[EventType "swiss"]
[EventRounds "9"]
[EventCountry "RSA"]
[SourceTitle "CBM 166 Extra"]
[Source "ChessBase"]
[SourceDate "2015.06.18"]
[SourceVersion "1"]
[SourceVersionDate "2015.06.18"]
[SourceQuality "1"]

1. e4 c5 2. Nf3 Nc6 3. Bc4 d6 4. Ng5 Be6 5. Nxe6 fxe6 6. Bxe6 Nf6 7. Qf3 Nd4 8. Qd3 Nxe6 9. Qc4 Nd4 10. d3 b5 11. Qc3 b4 12. Qc4 Qd7 13. a4 Qe6 14. Qa6 Nxc2+ 15. Kd1 Qb3 16. Kd2 Nxa1 17. Qc6+ Kf7 18. Qxa8 Qc2+ 19. Ke3 Qxb1 20. a5 Nb3 21. a6 Nxc1 22. Qxa7 Qxd3+ 23. Kf4 Qxe4+ 24. Kg3 Qg4# 0-1